Normal view
MARC view
- Puru S Ed. & Patel K Ed
Entry Personal Name
001 - CONTROL NUMBER
- control field: 29869
003 - CONTROL NUMBER IDENTIFIER
- control field: OSt
005 - DATE AND TIME OF LATEST TRANSACTION
- control field: 20220803173552.0
008 - FIXED-LENGTH DATA ELEMENTS
- fixed length control field: 220803|| aca||aabn | a|a d
040 ## - CATALOGING SOURCE
- Original cataloging agency: OSt
- Transcribing agency: OSt
100 ## - HEADING--PERSONAL NAME
- Personal name: Puru S Ed. & Patel K Ed
670 ## - SOURCE DATA FOUND
- Source citation: Work cat.: (OSt)18715: Puru S Ed. & Patel K Ed., SID 25 Curriculum Exposition : Basic Design .-9789383184071, 2015